Pla d'equipaments culturals de Sant Esteve Sesrovires : Novembre 2013 Novembre 2013
Descripción Física:
91 pàgs. ; taules ; gràfics ; fotografies ; 30 cm.
Idioma:
Catalán
MARC
| LEADER | 00000nam a22000007a 4500 | ||
|---|---|---|---|
| 001 | 27073 | ||
| 003 | Arxiu | ||
| 005 | 20260324181145.0 | ||
| 008 | 221130b spa||||| |||| 00| 0 cat d | ||
| 040 | |a agdb |b cat | ||
| 041 | |a cat | ||
| 245 | |a Pla d'equipaments culturals de Sant Esteve Sesrovires : |b Novembre 2013 | ||
| 260 | |a Barcelona : |b Diputació de Barcelona. Centre d'Estudis i Recursos Culturals (CERC) ; |c 2013 | ||
| 300 | |a 91 pàgs. ; |b taules ; gràfics ; fotografies ; |c 30 cm. | ||
| 651 | 0 | |a Sant Esteve Sesrovires (Catalunya) |x Política cultural | |
| 710 | |9 54821 |a Sant Esteve Sesrovires (Catalunya). |b Ajuntament | ||
| 710 | 1 | |9 52487 |a Barcelona (Catalunya : Província). |b Centre d'Estudis i Recursos Culturals | |
| 942 | |2 udc |c ARXIU |n 1 | ||
| 952 | |0 0 |1 0 |2 udc |4 0 |6 BIB1023 |7 1 |9 64472 |a Arxiu |b Arxiu |d 2022-11-30 |l 0 |o Bib-1023 |p 27073 |r 2022-11-30 00:00:00 |w 2022-11-30 |y ARXIU | ||
| 999 | |c 82797 |d 82797 | ||